[Event "Olympiad-23"]
[Site "Buenos Aires"]
[Date "1978.10.26"]
[Round "2"]
[White "Westerinen, Heikki MJ"]
[Black "Timman, Jan H"]
[Result "0-1"]
[WhiteElo "2450"]
[BlackElo "2585"]
[Annotator "Timman,J"]
[PlyCount "76"]
[EventDate "1978.10.25"]
[EventType "team-swiss"]
[EventRounds "14"]
[EventCountry "ARG"]
[SourceTitle "EXT 2000"]
[Source "ChessBase"]
[SourceDate "1999.11.16"]
[SourceVersion "1"]
[SourceVersionDate "1999.11.16"]
[SourceQuality "1"]
[WhiteTeam "Finland"]
[BlackTeam "Netherlands"]
[WhiteTeamCountry "FIN"]
[BlackTeamCountry "NED"]

{Inf.26/471} 1. e4 c5 2. Nf3 Nc6 3. d4 cxd4 4. Nxd4 Nf6 5. Nc3 e6 6. Be2 d6 (
6... Bb4 $5) 7. Be3 Be7 8. f4 O-O 9. O-O e5 10. Nb3 exf4 11. Rxf4 (11. Bxf4 $5)
11... Nd7 $1 (11... Be6 12. Nd5 $14) 12. Rf1 Nde5 13. Kh1 Be6 14. Nd5 Bg5 15.
Bg1 Bh6 {[/\ Qh4]} 16. Nd4 $2 (16. Nf4) 16... Bxd5 17. exd5 Nxd4 18. Qxd4 (18.
Bxd4 Qe7 {/\ g6}) 18... g6 $15 19. c4 Bg7 20. Qd2 Nd7 21. Rab1 a5 $1 22. b3 Be5
23. Bd3 f5 24. g3 Kg7 $6 (24... h5) 25. Be3 Kg8 26. Bh6 Bg7 27. Bg5 Qc7 28.
Rbe1 $6 Ne5 29. Be2 a4 $17 30. Qc2 axb3 31. axb3 Ra5 $1 32. Rc1 (32. Bd2 Rxd5
33. Bc3 Rc5 34. b4 Rxc4 $6 $17) 32... Rfa8 33. Be3 Qe7 34. Rfe1 Ra2 35. Qd1
Nxc4 $1 $19 36. Rxc4 (36. Bxc4 Qe4+) 36... Qxe3 37. Qd3 Qf2 38. Rcc1 Re8 0-1

[Event "DDR-ch26 Final"]
[Site "Frankfurt/Oder"]
[Date "1977.02.19"]
[Round "9"]
[White "Vogt, Lothar"]
[Black "Moehring, Guenther"]
[Result "1-0"]
[WhiteElo "2495"]
[BlackElo "2405"]
[Annotator "Vogt,L"]
[PlyCount "81"]
[EventDate "1977.02.11"]
[EventType "tourn"]
[EventRounds "15"]
[EventCountry "DDR"]
[SourceTitle "EXT 2000"]
[Source "ChessBase"]
[SourceDate "1999.11.16"]
[SourceVersion "1"]
[SourceVersionDate "1999.11.16"]
[SourceQuality "1"]

1. e4 c5 2. Nf3 e6 3. d4 cxd4 4. Nxd4 Nc6 5. Nc3 d6 6. Be2 Be7 7. Be3 Nf6 8. f4
O-O 9. O-O Bd7 10. Qe1 Nxd4 11. Bxd4 Bc6 12. Qg3 g6 13. f5 $5 e5 14. Be3 Nxe4 (
14... Bxe4 15. fxg6 $1 Bxg6 16. Bh6 Re8 17. Bb5) 15. Nxe4 Bxe4 16. Bh6 Qb6+ (
16... Re8 17. Kh1 $1 Kh8 18. fxg6 Bxg6 19. Rxf7 $18) 17. Kh1 Qxb2 18. Bxf8 Rxf8
(18... Bxf8 19. Bd3) 19. Bd3 $1 (19. f6 $2 Bxf6 $1) 19... Bxd3 $2 (19... Bd5 $1
20. c4 $1 Bc6 21. fxg6 hxg6 22. Bxg6 fxg6 23. Qxg6+ Kh8 24. Qh6+ Kg8 25. Qe6+
$11 {Liebert,H-Moehring,G/DDR-ch28 Eggesin/Torgelow 1978}) 20. cxd3 (20. Qxd3
Bg5 {und Schwarz kann noch mitspielen}) 20... Qd4 21. Rac1 b5 22. f6 Bd8 23.
Qg5 Qxd3 (23... Kh8 24. Rf3) 24. Qh6 Bxf6 25. Rxf6 e4 26. Qf4 d5 27. Rf1 e3 28.
Rxf7 Qxf1+ 29. Qxf1 Rxf7 30. Qxb5 Re7 $6 (30... d4 31. Qc4 Kf8 32. Kg1 Rd7 33.
Qd3) 31. Qxd5+ Kf8 32. Qf3+ Rf7 33. Qd1 Re7 34. Qe2 Kf7 35. g4 Kg7 36. g5 Kf7
37. Kg2 Ke8 38. Qb5+ Kf7 39. Kf1 e2+ 40. Ke1 Kf8 41. h4 (41. h4 Kg7 42. Qb8 Kf7
43. Qh8 Ke6 44. Kxe2 $18) 1-0

[Event "Opatija op"]
[Site "Opatija"]
[Date "1984.04.13"]
[Round "7"]
[White "Janosevic, Dragoljub"]
[Black "Vogt, Lothar"]
[Result "0-1"]
[WhiteElo "2360"]
[BlackElo "2485"]
[Annotator "Vogt,L"]
[PlyCount "127"]
[EventDate "1984.04.07"]
[EventType "swiss"]
[EventRounds "11"]
[EventCountry "YUG"]
[SourceTitle "EXT 2014"]
[Source "ChessBase"]
[SourceDate "2013.11.20"]
[SourceVersion "1"]
[SourceVersionDate "2013.11.20"]
[SourceQuality "1"]

{SCHACH 6/1984 Seite 264} 1. e4 c5 2. Nf3 e6 3. d4 cxd4 4. Nxd4 Nf6 5. Nc3 d6
6. Be2 Be7 7. O-O O-O 8. f4 Nc6 9. Be3 e5 10. Nb3 (10. fxe5 dxe5 11. Nf5 {
wogegen ich in Opatija auch erfolgreich war. Aber der jugoslawische
Großmeister gibt einer älteren Fortsetzung den Vorzug.}) 10... exf4 11. Rxf4
Be6 12. Nd5 Bxd5 13. exd5 Ne5 14. Qd2 Nfd7 15. Rff1 Nb6 $2 {Ein unglaublicher
Fehler. Ich wollte bei der veränderten Bedenkzeit schnell Verwicklungen
schaffen und sah nicht, wie mein Gegner das Feld c4 unter Kontrolle bekommt.}
16. Na5 {Nun ist b7 angegriffen, c4 kontrolliert, die Damenflügelbauern können
"rollen" und der Nb6 steht schlecht.} Qc7 17. b3 Rfe8 18. c4 Bf8 19. Rac1 Rad8
20. b4 Qe7 21. Bg5 f6 22. Bf4 g6 23. Kh1 Kh8 24. Nb3 Qd7 25. Bh6 Bxh6 26. Qxh6
f5 27. g4 $1 fxg4 28. Nd4 Kg8 29. Ne6 Rxe6 30. dxe6 Qxe6 31. Qf4 d5 32. c5 Nbd7
33. Rcd1 Kg7 34. Qd4 ({Mit} 34. Kg2 {sollte Weiß etwas Vorteil behaupten.})
34... Nf6 35. b5 $1 g3 36. Qf4 Ne4 37. Kg2 Nf2 38. Rxf2 gxf2 39. Qxf2 Qf6 40.
Qd4 Rf8 41. Kh1 Rd8 {In Zeitnot konnte Schwarz keinen guten Plan entwickeln,
aber auch in der Analyse fanden wir nur Ausgleichsfortsetzungen.} 42. Rf1 Qe6
43. c6 $1 bxc6 44. bxc6 Kg8 45. c7 Rc8 46. Qxa7 Nc4 47. Bf3 $2 Nd2 48. Qd4 Nxf3
49. Rxf3 Rxc7 50. Rf2 Rc1+ 51. Kg2 Rc4 52. Qd3 Rg4+ 53. Kf1 Re4 54. Qf3 Qe7 {
Hier wurde die Partie abgebrochen. In der kurzen Pause sah ich, dass nach} 55.
Qb3 (55. Qf6 Qxf6 56. Rxf6 Ra4 {Weiß große Probleme hat. Und so war ich
zuversichtlich!}) 55... Re5 56. Qd3 Qc5 57. Rc2 $1 Rf5+ 58. Kg2 Rg5+ 59. Kf3
Qg1 60. Rc8+ Kg7 61. Rc7+ Kh6 62. Qd2 Qf1+ 63. Ke3 Rg4 $1 {Gegen die
Mattdrohungen Re4 matt, d4+ oder Qf4+ ist Weiß machtlos} (63... Rg4 64. Qc1 d4+
65. Kd2 Rg2#) 64. Qd3 0-1

[Event "Match/Nation U26 DDR-POL 19,5-20,5"]
[Site "Zinnowitz"]
[Date "1977.10.01"]
[Round "3.1"]
[White "Bielczyk, Jacek"]
[Black "Vogt, Lothar"]
[Result "0-1"]
[WhiteElo "2385"]
[BlackElo "2495"]
[Annotator "Vogt,L"]
[PlyCount "82"]
[EventDate "1977.09.28"]
[EventType "team-schev"]
[EventRounds "4"]
[EventCountry "DDR"]
[SourceTitle "EXT 2013"]
[Source "ChessBase"]
[SourceDate "2012.11.22"]
[SourceVersion "1"]
[SourceVersionDate "2012.11.22"]
[SourceQuality "1"]

{SCHACH 11/1977 Seite 490} 1. e4 c5 2. Nf3 e6 3. d4 cxd4 4. Nxd4 Nf6 5. Nc3 d6
6. Be2 Be7 7. O-O O-O 8. f4 Nc6 9. Be3 e5 10. Nb3 ({Nach} 10. Nxc6 bxc6 11.
fxe5 dxe5 {kann Weiß nicht mit einem Eröffnungsvorteil rechnen.}) 10... exf4
11. Bxf4 ({Auch} 11. Rxf4 {ist möglich.}) 11... Be6 12. Kh1 {Weiß möchte einem
Diagonalschach ausweichen.} d5 13. e5 (13. exd5 {ergibt völligen Ausgleich.})
13... Nd7 14. Nxd5 Ndxe5 15. Nxe7+ Qxe7 {Schwarz hat bereits keinerlei
Probleme.} 16. Nd4 $6 {Dies bringt Weiß bereits in Schwierigkeiten.} Rad8 17.
Nxc6 Nxc6 18. Bd3 ({Nach} 18. Qe1 {wäre} Nb4 {recht unangenehm.}) 18... Nb4 19.
Qf3 Nxd3 20. cxd3 Qd7 21. Be5 {Der Bauer d3 konnte wegen Lg4 nicht mehr
verteidigt werden.} Qxd3 22. Qxd3 ({Natürlich nicht} 22. Qxb7 $2 Bd5 {gefolgt
von Qe4 und schwarzem Sieg.}) 22... Rxd3 {Endspiele mit ungleichen Läufern
erfordern eine gute Technik, die in dieser Partie demonstriert wird.} 23. Rad1
{Weiß geht den aktiven Weg.} Rxd1 24. Rxd1 Bxa2 25. Rd7 {[#]} ({Die anderen
Möglichkeiten waren} 25. Ra1 Re8 26. Bc3 Bd5 27. Rxa7 f6 28. Ra4 ({bzw.} 28.
Ra5 Bc6 {jeweils mit entscheidndem schwarzen Vorteil.}) 28... Re2 29. Rg4 h5)
25... f6 $1 {Der Gewinnzug!} 26. Bd4 ({Nun scheitern} 26. Bc3 Rb8) ({und} 26.
Bg3 {an} Rc8) 26... a6 27. h3 (27. Rxb7 Rd8 28. Be3 Rd1+ 29. Bg1 Bd5 30. Rb8+
Kf7 {ist chancenlos durch die Schwäche g2.}) 27... b5 28. Bb6 ({Nach} 28. b4
Re8 {kommt Weiß nicht mehr zum Turmtausch und nach dem Textzug nicht mehr zu
b2-b4. Weiß müsste beides erreichen, um noch Remischancen geltend zu machen.})
28... Bb3 $1 29. Kg1 h5 {Droht 30...Kh7} 30. Rd8 Rxd8 31. Bxd8 {Schwarz bildet
nun einfach auf beiden Flügeln einen Freibauern, was den Sieg verbürgt.} Kf7
32. Kf2 Ke6 33. g4 hxg4 34. hxg4 Kd5 35. Ke3 Kc4 ({Nicht aber} 35... Bd1 $2 36.
g5 fxg5 37. b4 $1 Kc4 38. Ba5 {und Weiß hält das Remis.}) 36. g5 fxg5 37. Bxg5
Bc2 38. Kd2 Kb3 39. Kc1 a5 40. Bd8 a4 41. Bg5 Bf5 (41... Bf5 42. Bf4 b4 43. Be5
g5 44. Bf6 g4 45. Be5 a3 46. bxa3 bxa3 47. Bf4 a2 48. Be5 g3) 0-1